BUNIAN : (Record no. 203491)

MARC details
000 -LEADER
fixed length control field 00988nam a2200277 i 4500
005 - DATE AND TIME OF LATEST TRANSACTION
control field 20260325122555.0
008 - FIXED-LENGTH DATA ELEMENTS--GENERAL INFORMATION
fixed length control field 260325s2025 my gr 000 f may d
020 ## - INTERNATIONAL STANDARD BOOK NUMBER
International Standard Book Number 9789672394495
Terms of availability RM35.90
Qualifying information paperback
040 ## - CATALOGING SOURCE
Original cataloging agency PPAK
Language of cataloging eng
Transcribing agency PPAK
Description conventions rda
082 04 - DEWEY DECIMAL CLASSIFICATION NUMBER
Classification number 899.2333
Edition number 23
090 00 - LOCALLY ASSIGNED LC-TYPE CALL NUMBER (OCLC); LOCAL CALL NUMBER (RLIN)
Classification number (OCLC) (R) ; Classification number, CALL (RLIN) (NR) 899.2333
Feature heading ZAI
Feature heading G
100 0# - MAIN ENTRY--PERSONAL NAME
Personal name Zaifu Zaman Ahmad,
Relator term author.
245 10 - TITLE STATEMENT
Title BUNIAN :
Remainder of title JANGAN BERANI TEGUR! /
Statement of responsibility, etc. ZAIFU ZAMAN AHMAD, SAIDEE N. AZAM, AZMEER SHAH ; EDITOR: Eb Reeza
264 #1 - PRODUCTION, PUBLICATION, DISTRIBUTION, MANUFACTURE, AND COPYRIGHT NOTICE
Place of production, publication, distribution, manufacture Petaling Jaya, Selangor :
Name of producer, publisher, distributor, manufacturer NOVEL ROMANZ,
Date of production, publication, distribution, manufacture, or copyright notice 2025
300 ## - PHYSICAL DESCRIPTION
Extent 511 pages ;
Dimensions 21 cm
336 ## - CONTENT TYPE
Content type term text
Source rdacontent
337 ## - MEDIA TYPE
Media type term unmediated
Source rdamedia
338 ## - CARRIER TYPE
Carrier type term volume
Source rdacarrier
505 00 - FORMATTED CONTENTS NOTE
Title Saksi /
Statement of responsibility Zaifu Zaman Ahmad --
Title Cinta Sang Puteri /
Statement of responsibility Saidee N. Azam --
Title Kelibat /
Statement of responsibility Azmeer Shah
650 10 - SUBJECT ADDED ENTRY--TOPICAL TERM
Topical term or geographic name entry element Malay fiction
Topical term or geographic name entry element Malaysian fiction (Malay)
700 0# - ADDED ENTRY--PERSONAL NAME
Personal name Saidee N. Azam,
Relator term author.
Personal name Kelibat,
Relator term author.
Personal name Eb Reeza,
Relator term editor.
942 ## - ADDED ENTRY ELEMENTS (KOHA)
Source of classification or shelving scheme Dewey Decimal Classification
Koha item type Book
Holdings
Withdrawn Not for loan Current library Shelving location Date acquired Total Checkouts Full call number Barcode Date last seen Koha item type Checked out Date last checked out
    Perpustakaan Alor Setar Pinjaman Dewasa 29/03/2026   899.2333 ZAI A01911104 29/03/2026 Book    
    Perpustakaan Awam Sungai Petani Pinjaman Dewasa 29/03/2026   899.2333 ZAI A01911105 29/03/2026 Book    
    Perpustakaan Baling Pinjaman Dewasa 29/03/2026   899.2333 ZAI A01911109 29/03/2026 Book    
    Perpustakaan Bandar Baharu Pinjaman Dewasa 29/03/2026   899.2333 ZAI A01911110 29/03/2026 Book    
    Perpustakaan Jitra Pinjaman Dewasa 29/03/2026   899.2333 ZAI A01911106 29/03/2026 Book    
    Perpustakaan Kuala Nerang Pinjaman Dewasa 29/03/2026   899.2333 ZAI A01911114 29/03/2026 Book    
    Perpustakaan Kulim Pinjaman Dewasa 29/03/2026   899.2333 ZAI A01911108 29/03/2026 Book    
    Perpustakaan Langkawi Pinjaman Dewasa 29/03/2026   899.2333 ZAI A01911107 29/03/2026 Book    
    Perpustakaan Merbok Pinjaman Dewasa 29/03/2026 1 899.2333 ZAI A01911111 14/04/2026 Book 05/05/2026 14/04/2026
    Perpustakaan Pendang Pinjaman Dewasa 29/03/2026   899.2333 ZAI A01911115 29/03/2026 Book    
    Perpustakaan Sik Pinjaman Dewasa 29/03/2026   899.2333 ZAI A01911113 29/03/2026 Book    
    Perpustakaan Yan Pinjaman Dewasa 29/03/2026   899.2333 ZAI A01911112 29/03/2026 Book